00851cam a22002534a 4500020003100000020002800031040000800059082002600067245004900093300005000142490004900192650001800241650002200259650002100281650002700302650002100329650001700350650001700367700001900384710001600403942001000419999001700429952015100446 a9780821380772 (alk. paper) a082138077X (alk. paper) cDLC00a363 NUT 2018 C025 Or.00aScaling up nutrition :bwhat will it cost? / axxx, 100 pages :billustrations, map ;c23 cm1 aDirections in development. Human development 0aMalnutrition. 0aNutrition policy.12aNutrition Policy22aCost-Benefit Analysis.22aHealth Resources22aMalnutrition22aMalnutrition1 aHorton, Susan.2 aWorld Bank. cAEDBB c22405d22405 0010406363_000000000000000_NUT_2018_C025_OR70996741aLBCbLBCcC025d2023-12-20o363 NUT 2018 C025 Or.pa074756r2023-12-20w2023-12-20yAEDBB